Catálogo
 En Linea

La otra Penélope / (Registro nro. 28266)

Detalles MARC
000 -CABECERA
campo de control de longitud fija 00667nam a2200217 a 4500
001 - NÚMERO DE CONTROL
campo de control 000028774
005 - FECHA Y HORA DE LA ÚLTIMA TRANSACCIÓN
campo de control 20240530073920.0
008 - DATOS DE LONGITUD FIJA--INFORMACIÓN GENERAL
campo de control de longitud fija 110412s2010 dr r 000 f spa d
020 ## - NÚMERO INTERNACIONAL ESTÁNDAR DEL LIBRO
Número Internacional Estándar del Libro 9789945429206
040 ## - FUENTE DE LA CATALOGACIÓN
Centro catalogador/agencia de origen DO-SdBNP
Lengua de catalogación spa
Centro/agencia transcriptor BNPHU
082 ## - NÚMERO DE LA CLASIFICACIÓN DECIMAL DEWEY
Número de clasificación RD863.44
Número de documento/Ítem M425o, 2010
100 1# - ENTRADA PRINCIPAL--NOMBRE DE PERSONA
Nombre de persona Mateo, Andrés L.,
Fechas asociadas al nombre 1946-
9 (RLIN) 776
245 13 - MENCIÓN DE TÍTULO
Título La otra Penélope /
Mención de responsabilidad, etc. Andrés L. Mateo.
260 ## - PUBLICACIÓN, DISTRIBUCIÓN, ETC.
Lugar de publicación, distribución, etc. Santo Domingo :
Nombre del editor, distribuidor, etc. Alfaguara,
Fecha de publicación, distribución, etc. 2010.
300 ## - DESCRIPCIÓN FÍSICA
Extensión 108 p. ;
Dimensiones 21 cm.
586 ## - NOTA DE PREMIOS
Nota de premios Premio Nacional de Novela
590 ## - NOTA LOCAL (RLIN)
Nota local Inventariado, 2020/BT
650 #0 - PUNTO DE ACCESO ADICIONAL DE MATERIA--TÉRMINO DE MATERIA
Término de materia o nombre geográfico como elemento de entrada Novela dominicana
9 (RLIN) 223
650 #0 - PUNTO DE ACCESO ADICIONAL DE MATERIA--TÉRMINO DE MATERIA
Término de materia o nombre geográfico como elemento de entrada Literatura dominicana.
9 (RLIN) 67
910 ## - DATOS DE OPCIÓN DEL USUARIO (OCLC)
Datos de opción del usuario Validado. Control de calidad. MMOLINA
Existencias
Estado de retiro Estado de pérdida Restricciones de uso No para préstamo Código de colección Localización permanente Ubicación/localización actual Ubicación en estantería Fecha de adquisición Número de inventario Total de préstamos Signatura topográfica completa Código de barras Fecha visto por última vez Precio válido a partir de Tipo de ítem Koha Número de copia
        Patrimonio Dominicano General General Depósito 31.07.2019 LF1   RD863.44 M425o, 2010 28774-50 25.06.2020 25.06.2020 Libro y Folleto Colección Patrimonio Dominicano  
        Dominicana de Servicio General General Depósito 12.04.2011 LF1   RD863.44 M425o, 2010 28774-30 25.06.2020 25.06.2020 Libro y Folleto Colección Dominicana de Servicio e.3
      Excluido de préstamo Patrimonio Dominicano Patrimonio Dominicano Patrimonio Dominicano Depósito 12.04.2011 LF1   RD863.44 M425o, 2010 28774-10 25.06.2020 25.06.2020 Libro y Folleto Colección Patrimonio Dominicano  
      Excluido de préstamo Patrimonio Dominicano Patrimonio Dominicano Patrimonio Dominicano Depósito 12.04.2011 LF1   RD863.44 M425o, 2010 28774-20 25.06.2020 25.06.2020 Libro y Folleto Colección Patrimonio Dominicano e.2
        Dominicana de Servicio Patrimonio Dominicano Patrimonio Dominicano Depósito 13.10.2017 LF1   RD863.44 M425o, 2010 28774-40 25.06.2020 25.06.2020 Libro y Folleto Colección Dominicana de Servicio e.4

Con tecnología Koha